Normal view
MARC view
- فضل الله،محمد رجب
Entry Personal Name
001 - CONTROL NUMBER
- control field: 19474
003 - CONTROL NUMBER IDENTIFIER
- control field: JO-AjAnu
005 - DATE AND TIME OF LATEST TRANSACTION
- control field: 20230606073413.0
008 - FIXED-LENGTH DATA ELEMENTS
- fixed length control field: 230606|| aca||aabn | a|a d
040 ## - CATALOGING SOURCE
- Original cataloging agency: JO-AjAnu
- Transcribing agency: JO-AjAnu
100 ## - HEADING--PERSONAL NAME
- Personal name: فضل الله،محمد رجب
670 ## - SOURCE DATA FOUND
- Source citation: Work cat.: (JO-AjAnu)10001: فضل الله،محمد رجب, author, القراءة الحرة للأطفال ووسائل تنميتها في المنزل والمدرسة والمكتبة ووسائل الإعلام